Statistiques concernant Mot mystérieux - Série 51

Cliquez ici pour prendre le quiz!

Statistiques générales

  • Ce quiz a été pris 119 fois
  • Le résultat moyen est 6 sur 10

Statistiques - réponses

IndicesMot% Correct
alcool - celsius - parenté - fahrenheitdegré
96%
gants - combat - anglaise - françaiseboxe
93%
cru - York - beurre - Parmejambon
91%
pied - électrique - led - culotampoule
88%
somme - corne - curieuse - noirebête
67%
tige - balle - oreilles - tuléarcoton
62%
fiscal - thermique - brennus - levéebouclier
53%
musique - journaux - jardin - magazinekiosque
52%
80 - argent - bête - coquettesomme
22%
aiguille - boucher - serrurier - détourcrochet
15%

Distribution des résultats

Percentile par nombre de réponses

% des personnes avec chaque résultat

Votre développement - résultats

Vous n’avez pas pris ce quiz